[Event "Olympiad-34"]
[Site "Istanbul"]
[Date "2000.10.30"]
[Round "3.1"]
[White "Leko, Peter"]
[Black "Khalifman, Alexander"]
[Result "1-0"]
[WhiteElo "2743"]
[BlackElo "2667"]
[Annotator "Psakhis,L"]
[PlyCount "133"]
[EventDate "2000.10.28"]
[EventType "team-swiss"]
[EventRounds "14"]
[EventCountry "TUR"]
[SourceTitle "EXT 2001"]
[Source "ChessBase"]
[SourceDate "2000.11.22"]
[SourceVersion "1"]
[SourceVersionDate "2000.11.22"]
[SourceQuality "1"]
[WhiteTeam "Hungary"]
[BlackTeam "Russia"]
[WhiteTeamCountry "HUN"]
[BlackTeamCountry "RUS"]

1. e4 e6 2. d4 d5 3. Nc3 Bb4 4. e5 c5 5. a3 Ba5 6. Qg4 Ne7 7. dxc5 Bxc3+ 8.
bxc3 Ng6 9. Nf3 Nd7 10. Bd3 Qc7 11. O-O Nxc5 $1 {Much stronger than} (11...
Ndxe5 12. Nxe5 Qxe5 13. Bb5+ Bd7 14. Bxd7+ Kxd7 15. Qa4+ Ke7 16. Qb4 Rab8 17.
f4 $16 {Leko,P-Khalifman,A/Linares 2000/CBM 75/ 1/2-1/2 (38)}) 12. a4 $146 {
Later on Leko played} (12. Be3 {but after} Bd7 $1 (12... O-O 13. Bxc5 Qxc5 14.
Ng5 Qxc3 15. Rae1 f5 16. exf6 Rxf6 17. Qh5 h6 18. Bxg6 Rxg6 19. Qxg6 hxg5 20.
Qe8+ {1-0 King,D-Schmidt,B/BL 1988 (20)}) 13. Bxc5 Qxc5 14. h4 Qxc3 15. Qg3
O-O-O 16. Rab1 f6 17. Rfe1 Nxe5 18. Nxe5 fxe5 19. Qxg7 Rdg8 20. Qxe5 Qxe5 21.
Rxe5 Kc7 $11 {1/2-1/2 Leko,P-Vaganian,R/Istanbul olm 2000/ (22) didn't got
opening advantage}) 12... O-O ({Too risky for Black} 12... Nxd3 $2 13. cxd3
Qxc3 14. Ba3 $16 {[%csl Re8]}) 13. Ba3 b6 14. Rfe1 f5 $1 15. exf6 Nxd3 $5 (
15... Rxf6 16. Bxc5 $14) 16. cxd3 Rxf6 17. Qg3 $5 Qxg3 (17... Qxc3 $5 18. Bd6 (
18. Qd6 Ba6 $1 19. Rac1 Qxd3 20. Rxe6 (20. Rc7 Nf4 $1 {[%cal Gf6g6]}) 20... Rf7
21. Ng5 $140 Rxf2 $1 22. Kxf2 Qd4+ 23. Ke1 Qg1+ 24. Kd2 Qxg2+) 18... Qxd3 19.
Rac1 Qb3 20. Rc7 $44) 18. hxg3 Bd7 19. Bd6 $14 {[%cal Gd6e5]} Rc8 20. Be5 Nxe5
(20... Rxf3 21. gxf3 Nxe5 22. Rxe5 Rxc3 23. f4 g6 (23... Rxd3 24. Rc1 $1) 24.
Re2 $5 Rxd3 25. Rc1 $36 {[%cal Rc1c7]}) (20... Rff8 21. Bd4 $1 {[%cal Ga4a5]})
21. Nxe5 {[%csl Ge5] The logical follow-up to the exchange of the black knight
: occupation of square e5.White keeps maybe not so big but stable advantage
and Black must be ready to suffe for long time!} Be8 {[%csl Ra4][%cal Gc8c5,
Gc5a5]} 22. Ra3 Rc5 23. f3 Ra5 24. Rea1 Kf8 25. Kf2 {[%cal Yf2b3]} Ke7 26. d4
Bd7 27. Ke3 Rf8 28. Kd2 Rb8 29. R3a2 Be8 30. Nd3 Rc8 31. Ne5 Kd6 32. Kc2 Kc7
33. Kb3 Kb7 34. g4 {White will systematically improve his position, and it is
difficult for black to defend both flanks} h6 35. f4 Rc7 36. Kb4 Ka6 37. Ra3 $6
{Inaccuracy!} (37. f5 $5 {kept clear advantage}) 37... Rb7 $1 {[%cal Rb6b5]
Hinting that white's king also can be in danger} 38. Kb3 (38. c4 Rc7) 38... Rc7
({It was possible to play} 38... b5 $5 {but after} 39. Nd3 (39. axb5+ Rbxb5+
40. Kc2 Rxa3 41. Rxa3+ Ra5 $11) 39... bxa4+ 40. Kc2 Kb6 (40... Bg6 41. f5 $1)
41. Rb1+ Rb5 42. Re1 $36 {white's chances are better}) 39. R3a2 Kb7 40. Kb4 Ka6
41. f5 exf5 42. gxf5 h5 43. Rf1 Rb7 $5 44. Nd3 $1 (44. f6 $2 b5 $1 $15) 44...
Rc7 45. Ne5 Rb7 46. Nd3 Rc7 47. Kb3 Kb7 48. Re1 Bc6 (48... Bd7 49. Re5) 49. Re6
Bd7 50. Re5 Bc6 51. Nf4 h4 52. Ne6 {Leko finally managed to improve position
of all his pieses, but Khalifman continue stubborn resistance.} Rd7 53. Re3 Kc8
54. g4 (54. Rh3 Rf7 55. Rxh4 Rxf5 56. Nxg7 Rf1 57. Rh8+ Kd7 58. Rh7 Rf7 59. Nh5
$1) (54. g3 $5 Rf7 55. gxh4 Rxf5 56. Nxg7 Rf1 $14) 54... Re7 $1 {[%cal Gc6d7]}
(54... hxg3 55. Rxg3 {[%csl Rg7]}) 55. Rh3 Bd7 56. Nf8 (56. Rxh4 Bxe6 57. Re2
Kd7 58. Rxe6 Rxe6 59. fxe6+ Kxe6 60. Kb4 (60. Rh5 b5) 60... g6 $1 {[%cal Ge6f6]
}) 56... Re4 $2 {Obverlooking brilliant chance!} ({After} 56... Bb5 $3 {
[%cal Rb5c4] Khalifman could level game , for example} 57. axb5 (57. Ra1 Bc4+
58. Ka3 Bb5 $11) 57... Rxb5+ 58. Ka4 Ra5+ 59. Kb3 Rb5+ 60. Ka4 $11) 57. Nxd7
Kxd7 58. Rxh4 Ke7 (58... Kd6 59. Rh7 Rxg4 60. Rf2 $3 {[%csl Rd6][%cal Rf5f6]})
59. Rg2 (59. Kb4 Rc5 $1 $14) 59... b5 60. Rh7 $1 (60. Kb4 Rxa4+ 61. Kxb5 Rc4
$16) 60... Kf8 (60... Kf6 61. g5+ Kxf5 62. Rxg7 bxa4+ 63. Kb4 Ra6 64. g6 $18)
61. g5 bxa4+ (61... Kg8 62. g6 bxa4+ 63. Ka3 $1 (63. Kb4 Ra6 64. Rgh2 Kf8 65.
Rh8+ Ke7 66. Rg8 Kf6 67. Rf8+ Kg5 68. Rg2+ $1 Rg4 69. Rxg4+ Kxg4 70. f6 a3 71.
fxg7 a2 72. Rf1 Rxg6 73. Kc5 Rxg7 74. Kxd5 $18) 63... Ra6 64. Rgh2 Kf8 65. Rh8+
Ke7 66. Rg8 Kf6 67. Rf8+ Kg5 68. Rg2+ $18) 62. Kb4 Ra6 63. f6 a3 (63... gxf6 $2
64. g6 $1) 64. Rxg7 Ree6 $1 (64... a2 65. Rh2 $1 Ra4+ 66. Kc5 Ra5+ 67. Kd6 Ra6+
68. Kd7 $18) 65. Rb7 $1 $18 (65. Rh2 $4 Reb6+ 66. Kc5 Ra5#) 65... a2 (65... Re1
66. Kc5 (66. Rh2 $2 Rb1+) 66... Ra5+ 67. Kd6 Ra6+ 68. Kxd5 Ra5+ 69. Kd6 Ra6+
70. Kc5 Ra5+ 71. Rb5 $18) 66. g6 Ra4+ (66... Reb6+ 67. Rxb6 Rxb6+ 68. Kc5 Rxf6
69. Rxa2 $18) 67. Kb3 {The technical part of the game was nicely conducted by
Leko} (67. Kb3 Ra3+ 68. Kc2 $1 Rxc3+ 69. Kb2 $1) 1-0

[Event "FIDE-Wch k.o."]
[Site "New Delhi/Teheran"]
[Date "2000.12.07"]
[Round "4.2"]
[White "Khalifman, Alexander"]
[Black "Leitao, Rafael Duailibe"]
[Result "1-0"]
[WhiteElo "2667"]
[BlackElo "2567"]
[Annotator "Ribli,Z"]
[PlyCount "117"]
[EventDate "2000.11.27"]
[EventType "k.o."]
[EventRounds "7"]
[EventCountry "IND"]
[SourceTitle "CBM 081"]
[Source "ChessBase"]
[SourceDate "2001.03.20"]
[SourceVersion "1"]
[SourceVersionDate "2001.03.20"]
[SourceQuality "1"]

1. c4 Nf6 2. Nc3 e6 3. e4 {Das ist die sogenannte Mikenas Variante der
Englischen Eröffnung. Sie führt gewöhnlich zu scharfem Spiel, was für
geschlossene Eröffnungen nicht gerade typisch ist.} d5 (3... c5) 4. e5 d4 5.
exf6 dxc3 6. bxc3 Qxf6 7. Nf3 (7. d4 e5) 7... e5 8. Bd3 {Diese
Figurenentwicklung ist die neue Mode in der Mikenas Variante. Früher spielte
man 8.d4, doch danach bekommt Schwarz bequemes Spiel.} (8. d4 exd4 9. Bg5 Qe6+
10. Be2 Be7 11. cxd4 Bxg5 12. Nxg5 Qe7 13. Qd2 Nc6 $11) 8... Na6 {Es gibt sehr
viele Entwicklungspläne in dieser Stellung, der Textzug wird jedoch am
häufigsten gespielt.} (8... Bd6 9. O-O c6) (8... Nc6 9. O-O Bd6) 9. O-O Bd6 10.
Bc2 (10. Re1) 10... Bg4 11. d4 (11. Rb1 O-O-O 12. d4 Bxf3 13. Qxf3 Qxf3 14.
gxf3 c5 $1 $11) 11... Bxf3 (11... O-O-O $2 12. Bg5 $1 Qxg5 13. Nxg5 Bxd1 14.
Raxd1 $16) 12. Qxf3 Qxf3 13. gxf3 O-O-O {In dieser Stellung hat Weiß zwar zwei
Doppelbauern, dafür aber besitzt er das Läuferpaarsteht und der schwarze Na6
steht passiv.} (13... exd4 $5 14. Re1+ Kd8 15. Be4 Rb8 16. cxd4 c5 17. Bb2 (17.
Be3) 17... Kc7 18. d5 Rhe8 (18... Rbe8 19. Bf5 Nb8 20. Re4) 19. Rad1 g6 20. Re3
Rbc8 $6 (20... Bf4 $142 $5) (20... f5 21. Bc2 Bf4 $5) 21. Bc2 Nb8 22. Rde1 Rxe3
23. fxe3 $14 {1-0 Poluljahov,A-Ivanov,S/Samara 2000/CBM 78/[Ribli] (72)}) 14.
c5 {Weiß muss so fortsetzen, ansonsten kann sein Gegner die Stellung mit c7-c5
abschließen.} (14. Rb1 c5 15. Be4 b6 16. dxe5 Bxe5 17. Rb3 Nb8 18. Be3 Kc7 19.
Rfb1 Nc6 20. Bd5 Rd7 21. f4 {1/2-1/2 Gelfand,B-Jussupow,A/Erevan 1996/EXT
96ch2 (21)}) 14... Bf8 15. c6 $146 (15. Bg5 f6 16. Be3 exd4 17. cxd4 Nb4 18.
Bf5+ Kb8 19. Rfb1 Nd5 20. a4 g6 21. Be6 Bg7 22. c6 b6 23. a5 {1-0 Suba,
M-Pogorelov,R/Berga 1994/EXT 2000 (48)}) 15... exd4 (15... bxc6 16. Bf5+ Kb7
17. Rb1+ Ka8 18. dxe5 $16) (15... b6 16. dxe5 $14 (16. Bd3 Nc5 17. Bf5+ Ne6 18.
dxe5) (16. Bf5+ $2 Kb8 17. Bd3 Nc5)) 16. cxb7+ Kb8 (16... Kxb7 $6 17. Rb1+ $40)
17. cxd4 Nb4 {Schwarz verzichtet zugunsten der Verbesserung seiner
Sprginerstellung auf das Schlagen des Pd4.} (17... Rxd4 $5 18. Be3 Rb4 19. Be4
Nc5 $13) 18. Be4 Nd5 (18... Rxd4 19. Be3 Rd7 20. Rfd1 $36) 19. Rb1 Nc3 20. Bg5
f6 {Schwarz ist konsequent und verzichtet erneut auf das Schlagen des Pd4.} (
20... Rxd4 $5) 21. Be3 Nxb1 22. Rxb1 $44 {Weiß hat das Läuferpaar, sein Pb7
ist stark. Nun droht er 23.Bc6, 24.d5 , 25.Rb5 und 26.Ra5.} Rd6 $1 {Schwarz
verteidigt sich gegen 23.Bc6 und bereitet 23...Rb6 vor.} 23. Bf4 Rb6 {[#]} 24.
Bxc7+ $1 {[%mdl 512] Weiß opfert eine Figur. Es ist klar, dass Weiß nach
diesem Zug die Initiative erhält, doch in der Folge bekommt Schwarz gute
Remischancen.} Kxc7 25. Rc1+ Bc5 $1 {Schwarz muss die Figur zurück geben.} (
25... Kd7 26. Rc8 $16) 26. Rxc5+ Kb8 (26... Kd7 $2 27. Bf5+ Ke7 28. Rc7+ Kd6
29. Rc8 $18) 27. Bc6 Rd8 28. d5 (28. Rc4 $2 Rxc6 29. Rxc6 Rxd4 $15) 28... Rxb7
(28... Rb2 $5) 29. Bxb7 Kxb7 30. Kg2 {[%mdl 4096]} a6 $6 {Hier konnte Schwarz
auf einfachem Wege Remis erreichen.} (30... Kb6 31. Rc6+ Kb7 32. Re6 Kc7 $11)
31. a4 $14 {In diesem Endspiel hat Schwarz Remischancen, aber er muss präzise
spielen. Der weiße Mehrbauer ist nicht so gefährlich, und die weiße
Bauernstruktur am Königsflügel ist schlecht.} Rd7 32. Kg3 Kb6 33. Rc6+ Ka5 (
33... Kb7 34. Re6 $14) 34. d6 Kxa4 35. Rc7 Rxd6 36. Rxg7 {Das Endspiel ist
materiell ausgeglichen, aber Weiß besitzt etwas Initiative.} h5 37. Rh7 Rd5 (
37... a5 $5 38. Rxh5 Ra6 39. h4 Kb4 40. Rh8 a4 $132) 38. Rh6 Rg5+ $6 (38... Rf5
39. f4 a5 40. Kf3 Kb4 41. Ke4 Rb5 42. Rxf6 a4 43. Ra6 a3 44. f5 Ra5 45. Rxa5
Kxa5 46. f6 a2 47. f7 a1=Q 48. f8=Q Qh1+ 49. f3 Qxh2 $11) 39. Kf4 Rg2 40. Rxh5
Rxf2 41. h4 $16 a5 42. Rh8 Ka3 (42... Kb3 $2 43. h5 a4 44. h6 a3 45. h7 Rh2 46.
Rb8+ $18) 43. h5 Rh2 44. h6 a4 45. h7 {[%csl Ra3] Man könnte sagen, dass
Schwarz mit einem König weniger spielt! Der schwarze König darf die a-Linie
nicht verlassen, sonst kommt ein Turmschach und Weiß gewinnt sofort.} Rh5 46.
Kg4 Rh1 (46... Rg5+ 47. Kh4 Rg7 48. Kh5 $18) 47. f4 Rh2 48. Kf5 Rh4 (48... Rh6
49. Ke6 $18) 49. Ke4 Rh5 (49... Ka2) 50. f5 $22 Ka2 (50... Rh4+ 51. Kd5 $18)
51. Ra8 Rxh7 52. Rxa4+ Kb3 53. Ra6 $18 {Dank seines aktiven Königs und Turms
gewinnt Weiß den Pf6 und die Partie.} Re7+ 54. Re6 Rf7 55. Kd5 Kc3 {Der
schwarze König steht weit ab vom Geschehen. Schwarz ist machtlos.} 56. Re8 Ra7
57. Ke6 Ra6+ 58. Kf7 Kd4 59. Re6 1-0

[Event "FIDE-Wch k.o."]
[Site "New Delhi/Teheran"]
[Date "2000.12.11"]
[Round "5.5"]
[White "Anand, Viswanathan"]
[Black "Khalifman, Alexander"]
[Result "1-0"]
[WhiteElo "2762"]
[BlackElo "2667"]
[Annotator "Ftacnik,L"]
[PlyCount "81"]
[EventDate "2000.11.27"]
[EventType "k.o."]
[EventRounds "7"]
[EventCountry "IND"]
[SourceTitle "CBM 080"]
[Source "ChessBase"]
[SourceDate "2001.01.25"]
[SourceVersion "1"]
[SourceVersionDate "2001.01.25"]
[SourceQuality "1"]

1. Nf3 Nf6 2. c4 c6 3. Nc3 d5 4. d4 dxc4 5. a4 Bf5 6. Ne5 e6 7. f3 Bb4 8. e4
Bxe4 9. fxe4 Nxe4 10. Bd2 Qxd4 11. Nxe4 Qxe4+ 12. Qe2 Bxd2+ 13. Kxd2 Qd5+ 14.
Kc2 Na6 15. Nxc4 O-O 16. Qe5 Rab8 17. a5 f6 {Modern chess is much more dynamic
than in the past, this line with piece sacrifice for three pawns is a frequent
guest at the events of the highest category. Chances for both sides are more
or less balanced, it all depends on the quality of the play.} (17... Rfd8 18.
Be2 f6 19. Qxd5 cxd5 20. Na3 (20. Nd2 Kf7 (20... Rdc8+ 21. Kb1 (21. Kb3 Kf7 22.
Rhc1 Ke7 23. Ka3 Nc5 24. b4 Nd7 25. Nb3 g6 26. a6 {1-0 Topalov,V-Khalifman,A/
Istanbul 2000/ (57)}) 21... Kf7 22. Ra3 Nb4 23. Nb3 Nc2 24. Ra4 Ne3 25. g3 e5
26. Re1 d4 27. Bd3 Rc7 28. Rc1 {1-0 Bareev,E-Ribli,Z/Neum 2000/ (53)}) 21. Rhc1
Rdc8+ 22. Kd1 Ke7 23. Nb3 e5 24. Rc3 Rxc3 25. bxc3 Nc7 26. c4 dxc4 27. Bxc4
Rd8+ 28. Ke2 Nd5 {1/2-1/2 Ivanchuk,V-Bareev,E/Montecatini Terme/2000/ (67)})
20... Nb4+ 21. Kd2 Nc6 22. Nc2 Rd6 23. Ra4 g6 24. Nd4 Nxd4 25. Rxd4 Rc8 26. Rb4
Rd7 27. Re1 {1-0 Barkhagen,J-Ziegler,A/Sweden 2000/ (43)}) 18. Qxd5 cxd5 19.
Ne3 Rbc8+ (19... Nb4+ 20. Kb3 Nc6 21. g3 $14) 20. Kb1 (20. Kb3 Nc5+ 21. Ka3 f5
$1 $36) 20... Nc5 21. Ra3 f5 (21... d4 $5 22. Nc2 (22. Nc4 Rfd8 23. Nd2 f5 24.
Bc4 Kf7 $13) 22... e5 23. Bc4+ Kh8 24. Re1 Rfd8 $13) 22. Be2 Ne4 (22... d4 23.
Nc4 d3 24. Bf3 Rfd8 25. Ne5 $14) 23. Rd1 Rc7 (23... f4 24. Ng4 (24. Bg4 $2 Rc6
$1 25. Nc2 Nf2 $19) 24... h5 25. Ne5 Rf5 26. Nf3 $14) 24. Nc2 Kf7 25. Nd4 Nd6 (
25... a6 $5 26. Rb3 Ke7 27. Rb6 Rf6 28. Nf3 Rg6 29. g3 Rh6 30. Rc1 Rxc1+ 31.
Kxc1 Nd6 $13) 26. a6 $1 {[%mdl 32] Anand needs objects for his attack, good
candidates are the pawns a7 and e6.} b6 $6 (26... bxa6 27. Rxa6 Rd8 28. Re1 $16
) (26... Rb8 $5 27. Rb3 Kf6 $13) 27. Re3 Re8 (27... Ne4 28. Nb5 Rd7 29. Rc1 e5
30. Bd3 $14) 28. Re1 Ne4 (28... Rce7 29. Bb5 Nxb5 30. Nxb5 $14) 29. Nb5 Rd7 30.
Rc1 Nc5 $6 (30... d4 31. Rh3 h6 32. Rc6 $36) 31. Nd4 Ra8 (31... Rd6 32. b4 $16)
(31... Ne4 $2 32. Bb5 $18) 32. b4 $1 Ne4 33. Bb5 Rd6 (33... Re7 34. Nc6 Ree8
35. Ne5+ Kf6 36. Bxe8 Kxe5 37. Bb5 $18) 34. Rc7+ Kf6 35. Bc6 {The game is
decided, as white pawn can be stopped only with a little miracle.} Rf8 (35...
Rad8 36. Nb5 d4 37. Rd3 Nc3+ 38. Nxc3 dxc3 39. Rxc3 $18) 36. Nb5 Rdd8 (36... d4
37. Nxd6 dxe3 38. Nxe4+ fxe4 39. Kc2 Rd8 40. Bd7 $18) 37. Rxa7 Nd2+ (37... d4
38. Rd3 e5 39. Rb7 Nf2 40. Rf3 $18) 38. Kc1 Nc4 39. Re2 Ne5 (39... d4 40. Nc7
e5 41. Nd5+ Ke6 42. Rc2 Na3 43. Nc7+ Kf6 44. Ra2 Nc4 45. Rb7 $18) 40. Rc7 (40.
Nd4 Rd6 41. b5 Nd3+ 42. Kd2 Nc5 43. Rc7 $18) 40... Rc8 (40... Nd3+ 41. Kd2 Nxb4
42. Bb7 d4 43. Rc4 $18) (40... Nxc6 41. Rxc6 Rfe8 42. Nc7 $18) 41. Bb7 (41. Bb7
Rcd8 42. a7 Nd3+ 43. Kd1 Nxb4 44. Nd4 e5 45. Rb2 exd4 46. Rxb4 $18) 1-0

[Event "Moscow Fide.com Cup"]
[Site "Moscow"]
[Date "2001.03.26"]
[Round "3"]
[White "Khalifman, Alexander"]
[Black "Short, Nigel D"]
[Result "0-1"]
[WhiteElo "2690"]
[BlackElo "2676"]
[Annotator "Psakhis,L"]
[PlyCount "96"]
[EventDate "2001.03.26"]
[EventType "match"]
[EventRounds "3"]
[EventCountry "RUS"]
[SourceTitle "CBM 082"]
[Source "ChessBase"]
[SourceDate "2001.05.17"]
[SourceVersion "1"]
[SourceVersionDate "2001.05.17"]
[SourceQuality "1"]

1. e4 e6 2. d4 d5 3. e5 b6 ({"Normal" move here is} 3... c5 {but Nigel Short
preferes to get less known position.}) 4. c3 (4. Nh3 $5 Qd7 5. c3 Ne7 6. Nd2
Ba6 7. Bxa6 Nxa6 8. Nf4 g6 9. Nf3 Nb8 10. Nd3 Nbc6 11. O-O h6 12. h3 Bg7 13.
Nh2 h5 14. Bg5 Ng8 15. Qd2 $14 {1/2-1/2 Bangiev,A-Vaganian,R/Porz DPMM 2000/
EXT 2001 (69)}) 4... Qd7 5. Nd2 (5. Nf3 Ne7 6. Bd3 Ba6 7. O-O Bxd3 8. Qxd3 Nf5
9. Be3 c5 10. Nbd2 Nc6 11. Rfe1 Be7 12. Nf1 Rc8 13. Rad1 cxd4 14. Bxd4 Nfxd4
15. Nxd4 Nxd4 16. Qxd4 Qb5 $11 {0-1 Van Hul,C-Vaganian,R/Antwerpen op 1996 (59)
}) (5. a4 Ba6 $140 6. Bxa6 Nxa6 7. a5 $14) 5... c5 (5... Ba6 6. Bxa6 (6. Ne2 $5
) 6... Nxa6 7. Ne2 Ne7 8. O-O c5 9. Nf3 Nc6 10. Nf4 g6 11. c4 Nc7 12. cxd5 Nxd5
13. Nxd5 Qxd5 14. Bg5 Bg7 15. dxc5 Qxd1 16. Raxd1 bxc5 {1/2-1/2 Minasian,
A-Nalbandian,T/ARM-ch Yerevan 1999 (23)}) 6. Ndf3 Ba6 7. Ne2 ({Worth
considering} 7. Bxa6 $5 Nxa6 8. Ne2 {[%cal Ge2f4] with chances for small
advantage.Khalifman pretends for more.}) 7... Nc6 $146 (7... Ne7 8. g3 Nf5 9.
g4 Ne7 10. Nf4 Bxf1 11. Kxf1 Qb5+ 12. Kg2 Nec6 13. h4 Nd7 14. b3 Be7 15. a4 Qa6
16. Ba3 cxd4 17. Bxe7 Kxe7 18. cxd4 Qa5 {1-0 Hautot,S-Vanparijs,P/BEL-chJ 1998
(22)}) 8. h4 O-O-O $5 9. a3 (9. Nf4 $5 Bxf1 10. Kxf1 {[%cal Gg2g3,Gf1g2]}) 9...
f6 $1 {Black got big advantage in development and Short correctly wants to
open game in the centre.} 10. b4 (10. Bf4 fxe5 11. Nxe5 Nxe5 12. Bxe5 Nf6 $132
{was safer for white.}) 10... fxe5 11. dxe5 Nh6 $1 {[%cal Gh6f7,Gh6f5,Gh6g4]
Typical manoevre in French.} 12. Bg5 Re8 13. bxc5 (13. Rb1 Bc4) 13... Bxc5 14.
Ned4 Bxf1 15. Kxf1 Rhf8 (15... Nf7 $5 {was also not bad.}) 16. Bxh6 gxh6 17.
Qe2 Na5 $1 $15 {Its became clear that initiative belongs to Black.} 18. Nd2 (
18. Qa6+ Kb8 19. Rb1 Nc4) 18... Kb8 19. g3 Rc8 {[%csl Rc3]} 20. Kg2 Rfe8 21.
N4b3 (21. Rhb1 $5) 21... Nxb3 22. Nxb3 Qa4 $1 $36 {[%cal Ga4g4]} 23. Nxc5 Rxc5
{[%csl Rc3]} 24. Qe3 {[%cal Ge3h6]} h5 (24... Qc6 $5 25. Kh2 Rxc3 26. Qxh6 Rf3
{could be good alternative to the text/}) 25. Rhc1 Rec8 26. Qg5 (26. Kg1 Rc4
27. Qh6 Qd7 {[%cal Gd7f7]}) 26... Qe4+ 27. Kg1 Qg6 28. Qe3 (28. Qe7 $5 Rxc3 29.
Rxc3 Rxc3 30. a4 $132) 28... Rc4 {[%cal Gc4h4,Gc4e4] Short systematically
improve his position, and  White is unable to defend both flanks} 29. Rab1 (29.
Kh2 Re4 30. Qd2 Rg8 {[%cal Re4h4]}) 29... Re4 30. Qd2 (30. Qg5 Qxg5 31. hxg5
Rxe5) 30... Rxh4 31. Rb4 Rhc4 (31... Rg4 $5 {[%cal Rh5h4]}) 32. a4 h4 $19 {
Rest is quite simple:Black has and material and positional advantage, plus
white's king can't find secure place on the board.} 33. Kh2 hxg3+ 34. fxg3 Rg8
$5 (34... Rxb4 35. cxb4 Qh5+ 36. Kg2 Rxc1 37. Qxc1 Qe2+ 38. Kh3 Qxe5 $19 39.
Qc6 $140 Qc7 40. Qxe6 Qc8 $1) 35. Rg1 (35. Qe3 d4 $5) 35... Rxb4 (35... Qh5+ $1
36. Kg2 Qxe5 $19 {was even simplier way to victory.}) 36. cxb4 Qh5+ 37. Kg2
Qxe5 38. Qd3 Rg4 (38... h5 $5) 39. Rf1 Qe4+ 40. Qxe4 Rxe4 {White havn't any
chances to save this ending, but Khalifman continue for some time desperate
ressistance.} 41. Rh1 Rxb4 42. Rxh7 Rxa4 43. Kf3 e5 44. g4 e4+ 45. Kg3 (45. Kf4
e3+ 46. Kf3 Re4) 45... Ra3+ 46. Kf4 Rf3+ 47. Ke5 Rg3 48. Kxd5 Rxg4 0-1